LEADER 00828nam0-22002771i-450- 001 990006380830403321 005 19980601 035 $a000638083 035 $aFED01000638083 035 $a(Aleph)000638083FED01 035 $a000638083 100 $a19980601d1955----km-y0itay50------ba 105 $a--------00-yy 200 1 $aEinfuhrung in die Rechtphilosophie$eanleitung zum philosophischen nachden uber das Recht und die juristen$fCarl August Emge. 210 $aFrankfurt am Main,Wien$cs.e. ,$d1955 215 $a425 p.$d24 cm 676 $a340.1 700 1$aEmge,$bCarl August$0239832 801 0$aIT$bUNINA$gRICA$2UNIMARC 901 $aBK 912 $a990006380830403321 952 $aXI F 237$b49565$fFGBC 959 $aFGBC 996 $aEinfuhrung in die Rechtphilosophie$9659413 997 $aUNINA DB $aGIU01 LEADER 01248nam0-22004091i-450- 001 990005561030203316 005 20110505102021.514 035 $a000556103 035 $aUSA01000556103 035 $a(ALEPH)000556103USA01 035 $a000556103 100 $a20110505d1996-------|0itac50------ba 101 $aita 102 $aIT 105 $a|||| ||||| 200 1 $aPiazza della Liberta'$estoria di un cambio di generazione$fFrancesco Rutelli, con Paolo Gentiloni 210 $aMilano$cA. Mondadori$d1996 215 $a215 p.$d23 c 225 2$aFrecce 410 1$12001$aFrecce 606 $aRutelli, Francesco$xAttivita' politica$x1993-1996$2FI 620 $dMilano 676 $a352.23$cAmministrazione pubblica. Capi dell'esecutivo$v22 700 1$aRUTELLI,$bFrancesco$0300509 701 1$aGENTILONI,$bPaolo$0614638 712 $aMondadori 801 $aIT$bSOL$c20120104 912 $a990005561030203316 950 $aDIP.TO SCIENZE ECONOMICHE - (SA)$dDS 300 352.23 RUT$eFPP196 DISES 951 $a300 352.23 RUT$b196 DISES 959 $aBK 969 $aDISES 979 $c20121027$lUSA01$h1533 979 $c20121027$lUSA01$h1613 996 $aPiazza della Liberta$91131761 997 $aUNISA NUM $aUSA20318